Public speaking as a liberal art / (Record no. 5108)

MARC details
000 -LEADER
fixed length control field 00996pam a2200289 a 4500
001 - CONTROL NUMBER
control field 564707
003 - CONTROL NUMBER IDENTIFIER
control field mut
005 - DATE AND TIME OF LATEST TRANSACTION
control field 20240606080949.0
008 - FIXED-LENGTH DATA ELEMENTS--GENERAL INFORMATION
fixed length control field 890921s1990 maua b 001 0 eng
010 ## - LIBRARY OF CONGRESS CONTROL NUMBER
LC control number 89027998
020 ## - INTERNATIONAL STANDARD BOOK NUMBER
International Standard Book Number 0205123260 :
Terms of availability $23.00
040 ## - CATALOGING SOURCE
Original cataloging agency DLC
Transcribing agency DLC
Modifying agency DLC
050 00 - LIBRARY OF CONGRESS CALL NUMBER
Classification number PN4121
Item number .W46 1990
082 00 - DEWEY DECIMAL CLASSIFICATION NUMBER
Classification number 808.5/1
Edition information 20
100 1# - MAIN ENTRY--PERSONAL NAME
Personal name Wilson, John Fletcher,
Dates associated with a name 1923-
245 10 - TITLE STATEMENT
Title Public speaking as a liberal art /
250 ## - EDITION STATEMENT
Edition statement 6th ed.
260 ## - PUBLICATION, DISTRIBUTION, ETC.
Place of publication, distribution, etc. Boston :
Name of publisher, distributor, etc. Allyn and Bacon,
Date of publication, distribution, etc. c1990.
300 ## - PHYSICAL DESCRIPTION
Extent xvi, 457 p. :
Other physical details ill. ;
Dimensions 24 cm.
504 ## - BIBLIOGRAPHY, ETC. NOTE
Bibliography, etc. note Includes bibliographical references and index.
650 #0 - SUBJECT ADDED ENTRY--TOPICAL TERM
Topical term or geographic name entry element Public speaking.
700 1# - ADDED ENTRY--PERSONAL NAME
Personal name Arnold, Carroll C.
700 1# - ADDED ENTRY--PERSONAL NAME
Personal name Wertheimer, Molly Meijer.
906 ## - LOCAL DATA ELEMENT F, LDF (RLIN)
a 7
b cbc
c orignew
d 1
e ocip
f 19
g y-gencatlg
942 ## - ADDED ENTRY ELEMENTS (KOHA)
Source of classification or shelving scheme Library of Congress Classification
Koha item type Books
Holdings
Withdrawn status Lost status Source of classification or shelving scheme Damaged status Not for loan Home library Current library Date acquired Total checkouts Full call number Barcode Date last seen Price effective from Koha item type
    Library of Congress Classification     Murang'a University of Technology Library Murang'a University of Technology Library 07/02/2017   PN4121 .W46 1990 005266 30/08/2024 07/02/2017 Books